| 000 | 00747nam a2200241Ia 4500 | ||
|---|---|---|---|
| 003 | OSt | ||
| 005 | 20220923222124.0 | ||
| 006 | a|||||r|||| 00| 0 | ||
| 007 | ta | ||
| 008 | 220922b |||||||| |||| 00| 0 hin d | ||
| 024 | _a203,142 | ||
| 037 | _cTextual | ||
| 040 |
_aARTS _cARTS _bhin |
||
| 041 |
_2hin _ahin |
||
| 082 | _aO157,3xN1, 152M2;1 | ||
| 100 | _aगुप्ता, सुशील | ||
| 245 | 0 | _aबंगला के तीन उपन्यास | |
| 246 | _aBangalā ke tīn upanyāsa | ||
| 260 |
_aदिल्ली _b पराग प्रका0 _c1982 |
||
| 300 |
_a180पृ. _ccm. |
||
| 942 |
_hO157,3xN1, 152M2;1 _cTEXL _2CC |
||
| 999 |
_c353902 _d353902 |
||